[Event "NK 2024"]
[Site "Utrecht, Netherlands"]
[Date "2024.07.06"]
[Round "1.1"]
[White "Burg, Twan"]
[Black "Van den Doel, Erik"]
[Result "0-1"]
[WhiteElo "2502"]
[BlackElo "2557"]
[PlyCount "58"]
[EventDate "2024.??.??"]

1. e4 e5 2. Nf3 Nc6 3. Bb5 a6 4. Ba4 Nge7 5. O-O Ng6 6. c3 d5 7. d4 dxe4 8.
Nxe5 Ngxe5 9. dxe5 Qxd1 10. Rxd1 Bd7 11. Bc2 Nxe5 12. Bxe4 O-O-O 13. Bf4 Ng6
14. Be3 Bd6 15. Nd2 Bf4 16. Nc4 Bxe3 17. Nxe3 Rhe8 18. Bc2 Nf4 19. h4 g6 20.
Rd2 Be6 21. Rdd1 Rxd1+ 22. Rxd1 Bxa2 23. g3 Nh5 24. b3 Nxg3 25. Nd5 Ne2+ 26.
Kf1 c6 27. Nf6 Re6 28. Ne4 Rxe4 29. Bxe4 Nxc3 0-1